000 00568nam a2200169Ia 4500
003 GCL
008 140319s9999 xx 000 0 ara d
040 _aGCL /
_cGCL
082 0 4 _a413.028
_bم ب
245 1 0 _aالمعجم العربى التاريخى : وقائع الندوة التى نظمتها جمعية المعجمية العربية
260 _a[S.N] :
_bالمؤسسة الوطنية للترجمة والتحقيق ،
_c1991
300 _a415 ص
490 _a
650 0 4 _aاللغة العربية
650 0 4 _aالمعاجم
942 _2ddc
_cBK
999 _c46368
_d46368